000
00313nam a22001337a 4500
008
170614b xxu||||| |||| 00| 0 eng d
020
_a
04/877052433
041
_a
eng
080
_a
32
100
_a
19
101
_a
SHP
245
_a
THE MAINSTREAM OF WESTERN POLITICAL THOUGH
_c
BEST.J.A
942
_2
udc
_c
BK
999
_c
17328
_d
17328